Belgijskie prowincje - Statystyki

Ogólne statystyki
  • Ten quiz został rozwiązany 18 razy
  • Średni wynik to 7 z 10
Statystyki odpowiedzi
Prowincje % Poprawnych
Region Flamandzki Antwerpia
91%
Region Waloński Brabancja Walońska
73%
Region Waloński Liège
73%
Region Flamandzki Brabancja Flamandzka
64%
Region Flamandzki Flandria Wschodnia
64%
Region Flamandzki Flandria Zachodnia
64%
Region Waloński Hainaut
64%
Region Flamandzki Limburgia
64%
Region Waloński Luksemburg
64%
Region Waloński Namur
64%
Nie znaleziono quizów pasujących do podanych kryteriów
Rozkład punktacji
Procent ludzi z każdym wynikiem
Percentyl według liczby udzielonych odpowiedzi
Twoja historia wyników
Nie rozwiązałeś tego quizu